| 000 | 00588cam a22001695a 4500 | ||
|---|---|---|---|
| 001 | L156366 | ||
| 008 | 120515s1824 xxk f 000 0 eng d | ||
| 035 | _a(Sirsi) u156366 | ||
| 041 | 0 | _aeng | |
| 245 | 0 | 4 |
_aThe Estate & house agent's complete assistant _bdedicated to the nobility, gentry and other landed proprietors... |
| 260 |
_aLondon _bPrinted for the Proprietors by R. Watts _c1824 |
||
| 300 |
_a476 p., [4] leaves of plates : ill. _c24 cm. |
||
| 583 |
_aCondition reviewed _c20120620 _lcondition level 4 |
||
| 651 | 4 |
_aGreat Britain _y1707- |
|
| 690 |
_aSales _96269 |
||
| 942 | _n0 | ||
| 999 |
_c114213 _d114213 |
||